The Rubaiyat of Omar Khayyam explained / (Record no. 95233)
[ view plain ]
| 000 -LEADER | |
|---|---|
| fixed length control field | 00785nam a22002297a 4500 |
| 005 - DATE AND TIME OF LATEST TRANSACTION | |
| control field | 20151016113917.0 |
| 010 ## - LCCN (DPL NO) | |
| LC control number | ENG-113664 |
| 020 ## - INTERNATIONAL STANDARD BOOK NUMBER | |
| International Standard Book Number | 9788189430597 |
| Terms of availability | 250.00 |
| 035 ## - SYSTEM CONTROL NUMBER | |
| System control number | EN-97196 |
| 037 ## - SOURCE OF ACQUISITION | |
| Source of stock number/acquisition | DBAD/PUB |
| 082 ## - DEWEY DECIMAL CLASSIFICATION NUMBER | |
| Classification number | 891.5 |
| 100 ## - MAIN ENTRY--PERSONAL NAME | |
| Personal name | Yogananda, Paramhansa |
| 245 ## - TITLE STATEMENT | |
| Title | The Rubaiyat of Omar Khayyam explained / |
| Statement of responsibility, etc | by Paramhansa Yogananda ; ; edited, with occasional comments, by Swami Kriyananda (J. Donald Walters). |
| 260 ## - PUBLICATION, DISTRIBUTION, ETC. (IMPRINT) | |
| Place of publication, distribution, etc | Gurgaon |
| Name of publisher, distributor, etc | Ananda Sangha Publications |
| Date of publication, distribution, etc | 2008 |
| 270 ## - ADDRESS | |
| City | Gurgaon |
| Address | B-10/8, DLF Phase- I |
| 300 ## - PHYSICAL DESCRIPTION | |
| Extent | xxiii,376p. |
| Dimensions | 23cm(pbk) |
| 500 ## - GENERAL NOTE | |
| General note | "Based on the first translation by Edward FitzGerald." |
| 600 ## - SUBJECT ADDED ENTRY--PERSONAL NAME | |
| Personal name | Omar Khayyam |
| 700 ## - ADDED ENTRY--PERSONAL NAME | |
| Personal name | Kriyananda, Swami |
| 700 ## - ADDED ENTRY--PERSONAL NAME | |
| Personal name | Omar Khayyam |
| 942 ## - ADDED ENTRY ELEMENTS (KOHA) | |
| Source of classification or shelving scheme | Dewey Decimal Classification |
| Item type | English Books |
| Call number suffix | YOG |
| Classification part | 891.5 |
| Withdrawn status | Lost status | Not for loan | Collection code | Home library | Current library | Date acquired | Source of acquisition | Cost, normal purchase price | Full call number | Barcode | Copy number | Cost, replacement price | Koha item type |
|---|---|---|---|---|---|---|---|---|---|---|---|---|---|
| Not For Loan | Non-fiction | D.B.Act.Division | D.B.Act.Division | 24/07/2015 | DBAD/PUB | 250.00 | 891.5 YOG | EN-97196 | 1 | 250.00 | English Books |
